000 00660 a2200181 4500
001 143987
040 _cLeonardo Da Vinci
041 _aPortuguês
_aPortuguês
082 _aAP469.5 R611p
_bR611p
100 _aRODRIGUES, Antonio Medina
_aCASTRO, Dácio Antonio de
_aCALBUCCI, Eduardo
_aSAVIOLI, Francisco Platão
_aCARVALHO, Paulo César de
245 _aPortuguês
_bcaderno de exercícios - ensino médio
250 _aLE
260 _bAnglo
_c2008
_aSão Paulo
300 _a94
362 _a20100322
697 _aCoerência
_aCoesão
_aConjunção Verbal
_aSemântica
_aAcentuação
_aFiguras de Linguagem
_aModernismo
_a1º tempo
_a2° tempo
_aLE
942 _cBK
999 _c143987
_d143987